Normal view
MARC view
Entry Personal Name
001 - CONTROL NUMBER
- control field: 13702
003 - CONTROL NUMBER IDENTIFIER
- control field: OSt
005 - DATE AND TIME OF LATEST TRANSACTION
- control field: 20211014133802.0
008 - FIXED-LENGTH DATA ELEMENTS
- fixed length control field: 211014|| aca||aabn | a|a d
040 ## - CATALOGING SOURCE
- Original cataloging agency: OSt
- Transcribing agency: OSt
100 ## - HEADING--PERSONAL NAME
- Personal name: JESSE DILLARD
670 ## - SOURCE DATA FOUND
- Source citation: Work cat.: (OSt)12783: JESSE DILLARD , UNDERSTANDING THE SOCIAL DIMENSION OF SUSTAINABILITY, 2009